000 00435nam a2200157Ia 4500
008 210210b2003 xxu||||| |||| 00| 0 eng d
020 _a81 204 1551 5
082 _a581.2 SINI
100 _aSINGH (R S).
245 _aIntroduction to principles of plant pathology.
260 _aND
_bOxford & IBH Publishing Co. Pvt. Ltd.
_c2003
300 _axiii,402
650 _aPlant Pathology
690 _aPlant Pathology
906 _aSG04376
999 _c115103
_d115103